| 000 | 00678nam a2200193 u 4500 | ||
|---|---|---|---|
| 005 | 20210223133257.0 | ||
| 008 | 170516s2017 mx r 000 0 spa d | ||
| 035 | _aUPN01000217765 | ||
| 049 | _aC | ||
| 050 | 4 |
_aJ172 C2 _bM6 2016 |
|
| 110 | 1 |
_aCampeche. _bGobernador (2015- : Moreno Cárdenas) |
|
| 245 | 1 | 0 |
_a2egundo informe de gobierno / _cAlejandro Moreno Cárdenas. |
| 260 |
_aMéxico : _bGobierno del Estado de Campeche, _c2017. |
||
| 300 |
_a2 v. : _bil. col. |
||
| 505 | 8 |
_aContenido: _gv.1. _tInforme -- _gv.2. _tAnexo estadístico |
|
| 650 | 4 |
_aGOBERNADORES - _zCAMPECHE - _vINFORMES _927889 |
|
| 610 | 1 | 4 |
_aCAMPECHE. _bGOBERNADOR (2015- : MORENO CARDENAS) |
| 905 | _aLibro | ||
| 999 |
_c189865 _d189865 |
||